Single adult ministry / (Record no. 6628)
[ view plain ]
| 000 -LEADER | |
|---|---|
| fixed length control field | 00678nam a2200229 a 4500 |
| 001 - CONTROL NUMBER | |
| control field | 25131084 |
| 003 - CONTROL NUMBER IDENTIFIER | |
| control field | OCoLC |
| 005 - DATE AND TIME OF LATEST TRANSACTION | |
| control field | 20190117171502.0 |
| 008 - FIXED-LENGTH DATA ELEMENTS--GENERAL INFORMATION | |
| fixed length control field | 901217s1991 cou b 001 0 eng |
| 010 ## - LIBRARY OF CONGRESS CONTROL NUMBER | |
| LC control number | 90064218 |
| 020 ## - INTERNATIONAL STANDARD BOOK NUMBER | |
| International Standard Book Number | 0891093826 (pbk.) |
| 040 ## - CATALOGING SOURCE | |
| Original cataloging agency | DLC |
| Transcribing agency | DLC |
| Modifying agency | CDC |
| 082 ## - DEWEY DECIMAL CLASSIFICATION NUMBER | |
| Classification number | 259 |
| Item number | J76s |
| 092 ## - LOCALLY ASSIGNED DEWEY CALL NUMBER (OCLC) | |
| Classification number | 268.434 |
| Item number | J77S |
| 245 00 - TITLE STATEMENT | |
| Title | Single adult ministry / |
| Statement of responsibility, etc. | Jerry Jones, editor |
| 260 ## - PUBLICATION, DISTRIBUTION, ETC. | |
| Place of publication, distribution, etc. | Colorado Springs, CO : |
| Name of publisher, distributor, etc. | Singles Ministry Resources, NavPress, |
| Date of publication, distribution, etc. | c1991 |
| 300 ## - PHYSICAL DESCRIPTION | |
| Extent | 377 p. ; |
| Dimensions | 26 cm |
| 504 ## - BIBLIOGRAPHY, ETC. NOTE | |
| Bibliography, etc. note | Includes bibliographical references (p. 365) and indexes |
| 650 #0 - SUBJECT ADDED ENTRY--TOPICAL TERM | |
| Topical term or geographic name entry element | Church work with single people |
| 700 10 - ADDED ENTRY--PERSONAL NAME | |
| Personal name | Jones, Jerry, |
| Dates associated with a name | 1951- |
| 942 ## - ADDED ENTRY ELEMENTS (KOHA) | |
| Source of classification or shelving scheme | Dewey Decimal Classification |
| Koha item type | Books |
No items available.
